000 00880naa a2200229 4500
001 44453
003 ES-MaCES
005 20141221114217.0
008 140305s2013 sp ||||| t||||||| ||spa d
040 _aES-MaCES
_bspa
_cES-MaCES
100 1 _922374
_aRodríguez López, Julio
245 1 4 _aLos cambios en el mercado de vivienda en 2013
_cJulio Rodríguez López
500 _aBibliografía: 787
650 4 _928598
_avivienda
650 4 _929419
_apolítica de vivienda
650 4 _931214
_abienes inmuebles
650 4 _931985
_a2013
653 1 _aVivienda-Construcción-Urbanismo
773 0 _981019
_dMadrid Ministerio de Fomento, Centro de Publicaciones
_o083928
_tCiudad y territorio, estudios territoriales
_w(ES-MaCES)25932
_gvol. 45, n. 178 (invierno 2013) {55/970 R. 083928} ;p. 649-667
902 _aART Artículo de revista
942 _2CES
_cAR
_h5.2.
999 _c44453
_d44453